Statistics for Minecraft by Letter-J

Click here to take the quiz!

General Stats

  • This quiz has been taken 74 times
  • The average score is 5 of 5

Answer Stats

DescriptionFirst Two LettersAnswer% Correct
Used to play musicJUJukebox
98%
Biome with parrotsJUJungle
98%
Type of carved pumpkinJAJack-o-lantern
95%
Spider, Chicken, Ravager, StriderJOJockey
86%
One of the workers at MinecraftJEJeb
83%

Score Distribution

Percentile by Number Answered

Percent of People with Each Score

Your Score History

You have not taken this quiz